Normal view MARC view
  • Management-statistical methods

Entry Topical Term

Number of records used in: 1

001 - CONTROL NUMBER

  • control field: 123028

003 - CONTROL NUMBER IDENTIFIER

  • control field: NUST

005 - DATE AND TIME OF LATEST TRANSACTION

  • control field: 20240529102018.0

008 - FIXED-LENGTH DATA ELEMENTS

  • fixed length control field: 240529|| aca||aabn | a|a d

040 ## - CATALOGING SOURCE

  • Original cataloging agency: NUST
  • Transcribing agency: NUST

150 ## - HEADING--TOPICAL TERM

  • Topical term or geographic name entry element: Management-statistical methods

670 ## - SOURCE DATA FOUND

  • Source citation: Work cat.: (NUST)13511: Bart Baesens 123026, Analytics in a big data world: the essential guide to data science and its applications, 2014
© 2023 Central Library, National University of Sciences and Technology. All Rights Reserved.